000 01091nam a2200349 a 4500
003 AR-BaBNM
005 20251128204823.0
008 082120s2002 ||||||||||||||000 | spa||
020 _a950-507-286-3
040 _cAR-BaBNM
100 1 _aLosavio, Gabriela
245 0 0 _aUna ventana a la vida
250 _a2ª ed.
260 _aBuenos Aires
_bBonum
_c1990
300 _a97 p.
_bil.
490 0 _aLuna de papel. Verde
_vv. 2
500 _aRecopilación de artículos publicados en el Suplemento Infantil del diario La Nación
500 _aAptos para trabajar el placer por la lectura con los niños del segundo ciclo del EGB
500 _aContiene prólogo de Syria Poletti
650 4 _aLITERATURA INFANTIL
650 4 _aLIBROS PARA NIÑOS
650 4 _aAMOR
650 4 _aCUENTOS DE AVENTURAS
653 _aEDUCACION GENERAL BASICA
655 _aLITERATURA
700 1 _aEstévez, Carlos Alberto
700 1 _aPodestá, María Verónica
700 1 _aUbertalli, Silvia
_eilustrador
800 1 _aCibils, María Teresa
_edirector
942 _cBK
998 _cLAURA
999 _c8956
_d8956